<?xml version="1.0" encoding="UTF-8"?>
<record
    xmlns:xsi="http://www.w3.org/2001/XMLSchema-instance"
    xsi:schemaLocation="http://www.loc.gov/MARC21/slim http://www.loc.gov/standards/marcxml/schema/MARC21slim.xsd"
    xmlns="http://www.loc.gov/MARC21/slim">

  <leader>04313nam a22005777a 4500</leader>
  <controlfield tag="001">DVD-007765-773</controlfield>
  <controlfield tag="005">20110824135915.0</controlfield>
  <controlfield tag="006">a|||||r|||||00| 0 </controlfield>
  <controlfield tag="007">vd bvaizu</controlfield>
  <controlfield tag="008">091030s2008    ii 137 g          vlhin  </controlfield>
  <datafield tag="010" ind1=" " ind2=" ">
    <subfield code="a">DVD-007765-773</subfield>
  </datafield>
  <datafield tag="024" ind1=" " ind2=" ">
    <subfield code="a">DHIF1739S</subfield>
    <subfield code="c">349.00</subfield>
  </datafield>
  <datafield tag="035" ind1=" " ind2=" ">
    <subfield code="a">DVD-007765-773</subfield>
  </datafield>
  <datafield tag="040" ind1=" " ind2=" ">
    <subfield code="a">DLC</subfield>
    <subfield code="c">DLC</subfield>
    <subfield code="d">DLC</subfield>
    <subfield code="e">amim</subfield>
  </datafield>
  <datafield tag="082" ind1=" " ind2=" ">
    <subfield code="a">DVD / MILA</subfield>
  </datafield>
  <datafield tag="245" ind1="0" ind2="0">
    <subfield code="a">Milan /</subfield>
    <subfield code="c">Produced by Prasad Productions, directed by Adurthi Subba Rao; music by Laxmikant Pyarelal</subfield>
  </datafield>
  <datafield tag="257" ind1=" " ind2=" ">
    <subfield code="a">India.</subfield>
  </datafield>
  <datafield tag="260" ind1=" " ind2=" ">
    <subfield code="a">New Delhi :</subfield>
    <subfield code="b">Moser Baer Entertainment,</subfield>
    <subfield code="c">p2010.</subfield>
  </datafield>
  <datafield tag="300" ind1=" " ind2=" ">
    <subfield code="a">1 videodisc of 1 (DVD) : (170 min.)</subfield>
    <subfield code="b">sd., b&amp;w ;</subfield>
    <subfield code="c">4 3/4 in.</subfield>
    <subfield code="3">viewing copy.</subfield>
  </datafield>
  <datafield tag="440" ind1=" " ind2=" ">
    <subfield code="a">Nutan Six classic films: 2</subfield>
    <subfield code="9">33466</subfield>
  </datafield>
  <datafield tag="500" ind1=" " ind2=" ">
    <subfield code="a">Copyright notice on container: Moser baer</subfield>
  </datafield>
  <datafield tag="500" ind1=" " ind2=" ">
    <subfield code="a">Originally released theatrically in 1967.</subfield>
  </datafield>
  <datafield tag="500" ind1=" " ind2=" ">
    <subfield code="a">Summary taken from IMDB.com.</subfield>
  </datafield>
  <datafield tag="508" ind1=" " ind2=" ">
    <subfield code="a">Music ; Laxmikant Pyarelal</subfield>
  </datafield>
  <datafield tag="511" ind1="1" ind2=" ">
    <subfield code="a">Sunil Dutt, Nutan, Pran, Deven Varma and Jamuna</subfield>
  </datafield>
  <datafield tag="520" ind1=" " ind2=" ">
    <subfield code="a">On the banks of the holy River Ganga, Gopi, a ferryman conducts an unconsummated romance with Radha, a girl from the upper classes. At the same time, he rejects the advances of Gauri, a girl from his own village, who is attracting the unwanted attention of Radha's lecherous uncle. Fate is not kind to them. Radha is married off to a man she doesn't care for and Gopi is severely beaten by thugs sent by Radha's uncle after he prevents him from molesting Gauri. Radha's husband dies suddenly and she returns home in disgrace to find her father is dangerously ill. However, the attraction between Radha and Gopi remains as strong as ever and ugly rumours start to circulate about the nature of their relationship - for which Gopi blames the jealous Gauri. Emotions come to the boil and tragedy results. Fortunately, for all concerned, another birth awaits them.</subfield>
  </datafield>
  <datafield tag="538" ind1=" " ind2=" ">
    <subfield code="a">NTSC all region</subfield>
  </datafield>
  <datafield tag="546" ind1=" " ind2=" ">
    <subfield code="a">In Hindi. with English Subtitles</subfield>
  </datafield>
  <datafield tag="650" ind1=" " ind2="0">
    <subfield code="a">Family</subfield>
    <subfield code="v">Drama.</subfield>
    <subfield code="9">33467</subfield>
  </datafield>
  <datafield tag="650" ind1=" " ind2="0">
    <subfield code="a">Musical</subfield>
    <subfield code="v">Drama.</subfield>
    <subfield code="9">33469</subfield>
  </datafield>
  <datafield tag="650" ind1=" " ind2="0">
    <subfield code="a">Roamance</subfield>
    <subfield code="v">drama</subfield>
    <subfield code="9">33525</subfield>
  </datafield>
  <datafield tag="700" ind1="1" ind2=" ">
    <subfield code="a">Subba Rao, Adurthi .,</subfield>
    <subfield code="e">direction.</subfield>
    <subfield code="9">33470</subfield>
  </datafield>
  <datafield tag="700" ind1="1" ind2=" ">
    <subfield code="a">Prasad, L.V.</subfield>
    <subfield code="e">production.</subfield>
    <subfield code="9">33471</subfield>
  </datafield>
  <datafield tag="700" ind1="1" ind2=" ">
    <subfield code="a">Laxmikant</subfield>
    <subfield code="e">music.</subfield>
    <subfield code="9">33472</subfield>
    <subfield code="q">Laxmikant Shantaram Kudalkar	 </subfield>
  </datafield>
  <datafield tag="700" ind1="1" ind2=" ">
    <subfield code="a">Pyarelal</subfield>
    <subfield code="e">Music</subfield>
    <subfield code="q">Pyarelal Ramprasad Sharma</subfield>
    <subfield code="9">33526</subfield>
  </datafield>
  <datafield tag="700" ind1="1" ind2=" ">
    <subfield code="a">Athreya Mullapudi</subfield>
    <subfield code="e">Story</subfield>
    <subfield code="9">33505</subfield>
  </datafield>
  <datafield tag="710" ind1="2" ind2=" ">
    <subfield code="a">Moser Baer (New Delhi, India)</subfield>
    <subfield code="9">33473</subfield>
  </datafield>
  <datafield tag="856" ind1=" " ind2=" ">
    <subfield code="u">http://www.imdb.com/title/tt0061974/</subfield>
  </datafield>
  <datafield tag="942" ind1=" " ind2=" ">
    <subfield code="2">ddc</subfield>
    <subfield code="c">CF</subfield>
    <subfield code="h">DVD</subfield>
    <subfield code="m">MILA</subfield>
  </datafield>
  <datafield tag="999" ind1=" " ind2=" ">
    <subfield code="c">55892</subfield>
    <subfield code="d">55892</subfield>
  </datafield>
  <datafield tag="952" ind1=" " ind2=" ">
    <subfield code="0">0</subfield>
    <subfield code="1">0</subfield>
    <subfield code="2">ddc</subfield>
    <subfield code="3">DVD 2</subfield>
    <subfield code="4">0</subfield>
    <subfield code="7">0</subfield>
    <subfield code="8">FIC</subfield>
    <subfield code="a">L</subfield>
    <subfield code="b">L</subfield>
    <subfield code="d">2011-08-24</subfield>
    <subfield code="e">pioneer/1226/28.3.11</subfield>
    <subfield code="g">349.00</subfield>
    <subfield code="l">1</subfield>
    <subfield code="o">DVD MILA</subfield>
    <subfield code="p">DVD-007765</subfield>
    <subfield code="r">2012-12-03 00:00:00</subfield>
    <subfield code="s">2012-11-20</subfield>
    <subfield code="t">1</subfield>
    <subfield code="v">349.00</subfield>
    <subfield code="w">2011-08-24</subfield>
    <subfield code="y">CF</subfield>
    <subfield code="z">set of 6 DVD</subfield>
  </datafield>
  <datafield tag="952" ind1=" " ind2=" ">
    <subfield code="0">0</subfield>
    <subfield code="1">0</subfield>
    <subfield code="2">ddc</subfield>
    <subfield code="3">DVD 2</subfield>
    <subfield code="4">0</subfield>
    <subfield code="7">0</subfield>
    <subfield code="8">FIC</subfield>
    <subfield code="a">BL1</subfield>
    <subfield code="b">BL1</subfield>
    <subfield code="d">2011-08-24</subfield>
    <subfield code="e">pioneer/1226/28.3.11</subfield>
    <subfield code="g">349.00</subfield>
    <subfield code="l">2</subfield>
    <subfield code="o">DVD MILA</subfield>
    <subfield code="p">DVD-007766</subfield>
    <subfield code="r">2014-03-21 00:00:00</subfield>
    <subfield code="s">2014-02-12</subfield>
    <subfield code="t">1</subfield>
    <subfield code="v">349.00</subfield>
    <subfield code="w">2011-08-24</subfield>
    <subfield code="y">CF</subfield>
    <subfield code="z">set of 6 DVD</subfield>
  </datafield>
  <datafield tag="952" ind1=" " ind2=" ">
    <subfield code="0">0</subfield>
    <subfield code="1">0</subfield>
    <subfield code="2">ddc</subfield>
    <subfield code="3">DVD 2</subfield>
    <subfield code="4">0</subfield>
    <subfield code="7">0</subfield>
    <subfield code="8">FIC</subfield>
    <subfield code="a">JP</subfield>
    <subfield code="b">JP</subfield>
    <subfield code="d">2011-08-24</subfield>
    <subfield code="e">pioneer/1226/28.3.11</subfield>
    <subfield code="g">349.00</subfield>
    <subfield code="l">4</subfield>
    <subfield code="m">1</subfield>
    <subfield code="o">DVD MILA</subfield>
    <subfield code="p">DVD-007767</subfield>
    <subfield code="r">2014-09-19 00:00:00</subfield>
    <subfield code="s">2014-08-19</subfield>
    <subfield code="t">1</subfield>
    <subfield code="v">349.00</subfield>
    <subfield code="w">2011-08-24</subfield>
    <subfield code="y">CF</subfield>
    <subfield code="z">set of 6 DVD</subfield>
  </datafield>
  <datafield tag="952" ind1=" " ind2=" ">
    <subfield code="0">0</subfield>
    <subfield code="1">0</subfield>
    <subfield code="2">ddc</subfield>
    <subfield code="3">DVD 2</subfield>
    <subfield code="4">0</subfield>
    <subfield code="7">0</subfield>
    <subfield code="8">FIC</subfield>
    <subfield code="a">ZLS</subfield>
    <subfield code="b">ZLS</subfield>
    <subfield code="d">2011-08-24</subfield>
    <subfield code="e">pioneer/1226/28.3.11</subfield>
    <subfield code="g">349.00</subfield>
    <subfield code="l">4</subfield>
    <subfield code="o">DVD MILA</subfield>
    <subfield code="p">DVD-007768</subfield>
    <subfield code="r">2013-06-15 00:00:00</subfield>
    <subfield code="s">2013-06-01</subfield>
    <subfield code="t">1</subfield>
    <subfield code="v">349.00</subfield>
    <subfield code="w">2011-08-24</subfield>
    <subfield code="y">CF</subfield>
    <subfield code="z">set of 6 DVD</subfield>
  </datafield>
  <datafield tag="952" ind1=" " ind2=" ">
    <subfield code="0">0</subfield>
    <subfield code="1">0</subfield>
    <subfield code="2">ddc</subfield>
    <subfield code="3">DVD 2</subfield>
    <subfield code="4">0</subfield>
    <subfield code="7">0</subfield>
    <subfield code="8">FIC</subfield>
    <subfield code="a">RKP</subfield>
    <subfield code="b">RKP</subfield>
    <subfield code="d">2011-08-24</subfield>
    <subfield code="e">pioneer/1226/28.3.11</subfield>
    <subfield code="g">349.00</subfield>
    <subfield code="l">0</subfield>
    <subfield code="o">DVD MILA</subfield>
    <subfield code="p">DVD-007769</subfield>
    <subfield code="r">2011-08-24 00:00:00</subfield>
    <subfield code="t">1</subfield>
    <subfield code="v">349.00</subfield>
    <subfield code="w">2011-08-24</subfield>
    <subfield code="y">CF</subfield>
    <subfield code="z">set of 6 DVD</subfield>
  </datafield>
  <datafield tag="952" ind1=" " ind2=" ">
    <subfield code="0">0</subfield>
    <subfield code="1">0</subfield>
    <subfield code="2">ddc</subfield>
    <subfield code="3">DVD 2</subfield>
    <subfield code="4">0</subfield>
    <subfield code="7">0</subfield>
    <subfield code="8">FIC</subfield>
    <subfield code="a">VP</subfield>
    <subfield code="b">VP</subfield>
    <subfield code="d">2011-08-24</subfield>
    <subfield code="e">pioneer/1226/28.3.11</subfield>
    <subfield code="g">349.00</subfield>
    <subfield code="l">4</subfield>
    <subfield code="o">DVD MILA</subfield>
    <subfield code="p">DVD-007770</subfield>
    <subfield code="r">2014-09-16 00:00:00</subfield>
    <subfield code="s">2014-08-27</subfield>
    <subfield code="t">1</subfield>
    <subfield code="v">349.00</subfield>
    <subfield code="w">2011-08-24</subfield>
    <subfield code="y">CF</subfield>
    <subfield code="z">set of 6 DVD</subfield>
  </datafield>
  <datafield tag="952" ind1=" " ind2=" ">
    <subfield code="0">0</subfield>
    <subfield code="1">0</subfield>
    <subfield code="2">ddc</subfield>
    <subfield code="3">DVD 2</subfield>
    <subfield code="4">0</subfield>
    <subfield code="7">0</subfield>
    <subfield code="8">FIC</subfield>
    <subfield code="a">BL3</subfield>
    <subfield code="b">BL3</subfield>
    <subfield code="d">2011-08-24</subfield>
    <subfield code="e">pioneer/1226/28.3.11</subfield>
    <subfield code="g">349.00</subfield>
    <subfield code="l">0</subfield>
    <subfield code="o">DVD MILA</subfield>
    <subfield code="p">DVD-007771</subfield>
    <subfield code="r">2011-08-24 00:00:00</subfield>
    <subfield code="t">1</subfield>
    <subfield code="v">349.00</subfield>
    <subfield code="w">2011-08-24</subfield>
    <subfield code="y">CF</subfield>
    <subfield code="z">set of 6 DVD</subfield>
  </datafield>
  <datafield tag="952" ind1=" " ind2=" ">
    <subfield code="0">0</subfield>
    <subfield code="1">0</subfield>
    <subfield code="2">ddc</subfield>
    <subfield code="3">DVD 2</subfield>
    <subfield code="4">0</subfield>
    <subfield code="7">0</subfield>
    <subfield code="8">FIC</subfield>
    <subfield code="a">NR</subfield>
    <subfield code="b">NR</subfield>
    <subfield code="d">2011-08-24</subfield>
    <subfield code="e">pioneer/1226/28.3.11</subfield>
    <subfield code="g">349.00</subfield>
    <subfield code="l">0</subfield>
    <subfield code="o">DVD MILA</subfield>
    <subfield code="p">DVD-007772</subfield>
    <subfield code="r">2011-08-24 00:00:00</subfield>
    <subfield code="t">1</subfield>
    <subfield code="v">349.00</subfield>
    <subfield code="w">2011-08-24</subfield>
    <subfield code="y">CF</subfield>
    <subfield code="z">set of 6 DVD</subfield>
  </datafield>
  <datafield tag="952" ind1=" " ind2=" ">
    <subfield code="0">0</subfield>
    <subfield code="1">0</subfield>
    <subfield code="2">ddc</subfield>
    <subfield code="3">DVD 2</subfield>
    <subfield code="4">0</subfield>
    <subfield code="7">0</subfield>
    <subfield code="8">FIC</subfield>
    <subfield code="a">BL4</subfield>
    <subfield code="b">BL4</subfield>
    <subfield code="d">2011-08-24</subfield>
    <subfield code="e">pioneer/1226/28.3.11</subfield>
    <subfield code="g">349.00</subfield>
    <subfield code="l">0</subfield>
    <subfield code="o">DVD MILA</subfield>
    <subfield code="p">DVD-007773</subfield>
    <subfield code="r">2011-08-24 00:00:00</subfield>
    <subfield code="t">1</subfield>
    <subfield code="v">349.00</subfield>
    <subfield code="w">2011-08-24</subfield>
    <subfield code="y">CF</subfield>
    <subfield code="z">set of 6 DVD</subfield>
  </datafield>
</record>
